Pays qui ont gagnés la coupe du monde de football - Statistiques

Statistiques générales
  • Ce quiz a été pris 153 fois
  • Le résultat moyen est 19 sur 22
Statistiques - réponses
Année Pays % Correct
2022 Argentine
100%
1986 Argentine
100%
1978 Argentine
100%
2018 France
100%
1998 France
100%
2014 Allemagne
98%
2002 Brésil
98%
1994 Brésil
98%
1970 Brésil
98%
1962 Brésil
98%
1958 Brésil
98%
2010 Espagne
96%
2006 Italie
95%
1982 Italie
95%
1938 Italie
95%
1934 Italie
95%
1950 Uruguay
90%
1930 Uruguay
90%
1966 Angleterre
87%
1990 RFA
37%
1974 RFA
37%
1954 RFA
37%
Aucun quiz correspondant
Distribution des résultats
% des personnes avec chaque résultat
Percentile par nombre de réponses
Votre historique - résultats
Vous n’avez pas pris ce quiz